| 000 | 01610cam a22002054a 4500 | ||
|---|---|---|---|
| 005 | 20250605164328.0 | ||
| 008 | 250528s ||||||||||||||||||||||||d | ||
| 035 | _a23151 | ||
| 020 | _a9780415598095 | ||
| 040 |
_aGR-AtMCL _bgre _dGR-AtMCL _eAACR2 |
||
| 245 | 1 | _aChildhood in World History | |
| 250 | _a2nd | ||
| 260 |
_bRoutledge - Taylor & Francis Group, _c2011 |
||
| 300 | _a182 | ||
| 520 | _aThis book provides exciting, new and wide-ranging surveys of the important themes of world history. Each theme is examined over a broad period of time allowing analysis of continuities and change, and introduces students to historians' methods and debates in their context. Preface, Introduction: Childhood in World History, Childhood in Agricultural Societies: The First Big Changes, Childhood in the Classical Civilizations, Childhood in Postclassical World History: The Impact of Religious Change, Contacts and Contrasts in the Postclassical World, Foces of Change and the Modern Model of Childhood: Developments in the West and Eighteenth Century to 1914, Alongside the Modern Model: The Pressures of Colonialism, Modern Childhood in Asia: Japan Adapts the New Model, Childhood and Communist Revolutions, Childhood in the Affluent Societies and Twentieth and Twenty-First Centuries, The Dislocations in the Twentieth and Twenty-First Centuries: Children Face War and Violence, Globalization and Childhoods, The Dillema of Children's Happiness, Conclusion: Childhoods from Past Toward Future, References, Index. | ||
| 700 | 1 |
_aStearns Peter _98723 |
|
| 942 | _cBK | ||
| 999 |
_c8181 _d8181 |
||